| 000 | 00605nam a2200193 i 4500 | ||
|---|---|---|---|
| 001 | 136190 | ||
| 003 | ES-MaACL | ||
| 005 | 20230906195045.0 | ||
| 007 | t| | ||
| 008 | 070214s1913 sp r ||||1| spa d | ||
| 080 | _a51-7:336 | ||
| 100 | 1 |
_aRuiz Tatay, Emilio. _9100934 |
|
| 245 | 1 | 0 |
_aTeorías modernas sobre el interés compuesto y sus aplicaciones financieras / _cpor Emilio Ruiz Tatay. |
| 260 |
_aMadrid : _b[s. n.], _c1913 ( _fImp. Clásica Española) |
||
| 300 |
_a122 p. ; _c21 cm. |
||
| 650 | 0 | 4 |
_aCálculo mercantil. _910674 |
| 650 | 0 | 4 |
_aContabilidad. _911307 |
| 852 |
_aES-MaACL _jT-1350-F-3 |
||
| 999 |
_c136190 _d136190 |
||